[Event "Bucaramanga Santander-ch"]
[Site "Bucaramanga"]
[Date "2023.04.02"]
[Round "6"]
[White "Nino Villareal, Jairo Esteban"]
[Black "Amorocho Lizcano, Brayan Santiago"]
[Result "0-1"]
[WhiteElo "1600"]
[BlackElo "1600"]
[PlyCount "38"]
[EventDate "2023.03.31"]
[EventType "swiss"]
[EventRounds "7"]
[EventCountry "COL"]
[SourceTitle "CBM 213 Extra"]
[Source "ChessBase"]
[SourceDate "2023.05.31"]
[SourceVersion "1"]
[SourceVersionDate "2023.05.31"]
[SourceQuality "1"]

1. e4 c6 2. d4 d5 3. e5 c5 4. Nf3 Nc6 5. c3 Bg4 6. Be2 e6 7. 0-0 Nge7 8. Re1 Nf5 9. dxc5 Bxc5 10. h3 Bxf3 11. Bxf3 0-0 12. b4 Nxb4 13. cxb4 Bd4 14. Bd2 Bxa1 15. Nc3 Bxc3 16. Bxc3 Rc8 17. Qd2 Qb6 18. Rd1 Rc7 19. a4 Rfc8 0-1